Statistiques concernant Quelle ville en Amérique latine?

Cliquez ici pour prendre le quiz!

Statistiques générales

  • Ce quiz a été pris 331 fois
  • Le résultat moyen est 13 sur 24

Statistiques - réponses

indiceville% Correct
« Bons Airs »BBuenos Aires
98%
La ville la plus peuplée d'Amérique latineMMexico
93%
Seul le capital commençant par QQQuito
92%
Home to Christ the RedeemerRRio de Janeiro
90%
Ville de 10 millions de personnes sur le PacifiqueLLima
79%
Pablo Escobar a dirigé le cartel de cette villeMMedellín
76%
Ville la plus peuplée d'Amérique du SudSSão Paulo
76%
Situé sur un canal majeurPPanama
74%
La plus haute capitale nationale du mondeLLa Paz
64%
Capitale à la frontière avec l'ArgentineAAsunción
61%
Ville planifiée en forme d'avionBBrasilia
60%
Ville de vacances près des ruines mayasCCancún
49%
Ville au nord du Rio de la PlataMMontevideo
46%
Capitale de l'Empire incaCCuzco
45%
Cette capitale qui partage son nom avec une ville californienneSSan José
45%
Ville la plus peuplée de l'AmazonieMManaos
43%
Ville francophone la plus peuplée d'Amérique latinePPort-Au-Prince
38%
Près de San DiegoTTijuana
33%
Ville des Caraïbes qui est la plus ancienne ville européenne des AmériquesSSaint-Domingue
26%
Ville la plus peuplée d'EquateurGGuayaquil
25%
La ville la plus à l'est de l'Amérique latineRRecife
22%
La ville natale de Shakira en ColombieBBarranquilla
19%
Capitale du Yucatán; construite sur la ville maya de T'hóMMérida
13%
Grande ville sur un « lac » du même nomMMaracaïbo
10%

Distribution des résultats

Percentile par nombre de réponses

% des personnes avec chaque résultat

Votre développement - résultats

Vous n’avez pas pris ce quiz